A pecsenyecsirke hizlalás tapasztalatai a kondorosi Lenin Termelőszövetkezetben
Elmentve itt :
| Szerző: | |
|---|---|
| További közreműködők: | |
| Dokumentumtípus: | Szakdolgozat |
| Megjelent: |
1974
|
| Kulcsszavak: | Csirkenevelés Baromfitenyésztés Kondoros |
| Tárgyszavak: | |
| Online Access: | http://diploma.bibl.u-szeged.hu/98939 |
| LEADER | 00750nta a2200229 i 4500 | ||
|---|---|---|---|
| 001 | dipl98939 | ||
| 005 | 20220209141955.0 | ||
| 008 | 220209s1974 hu om 0|| zxx d | ||
| 040 | |a SZTE Diploma Repozitórium |b hun | ||
| 041 | |a zxx | ||
| 100 | 1 | |a Lestyán Zsuzsanna | |
| 245 | 1 | 2 | |a A pecsenyecsirke hizlalás tapasztalatai a kondorosi Lenin Termelőszövetkezetben |h [elektronikus dokumentum] / |c Zsuzsanna Lestyán |
| 260 | |c 1974 | ||
| 300 | |a 27 | ||
| 650 | 4 | |a Agrár | |
| 650 | 4 | |a Agricultural sciences | |
| 650 | 4 | |a Husbandry | |
| 695 | |a Csirkenevelés | ||
| 695 | |a Baromfitenyésztés | ||
| 695 | |a Kondoros | ||
| 700 | 1 | |a nincs megadva |e ths | |
| 856 | 4 | 0 | |u http://diploma.bibl.u-szeged.hu/id/eprint/98939/1/xxxx_lestyan_zsuzsanna.pdf |z Dokumentum-elérés |